Catálogo

LA CIUDAD DEL CAPITAL Y OTROS ESCRITOS (Registro nro. 25141)

Detalles MARC
000 -LEADER
fixed length control field 00541nam a2200193 a 4500
001 - CONTROL NUMBER
control field 25141
005 - DATE AND TIME OF LATEST TRANSACTION
control field 20180713223440.0
008 - FIXED-LENGTH DATA ELEMENTS--GENERAL INFORMATION
fixed length control field 140415s1977 sp 000 0 spa d
041 ## - LANGUAGE CODE
Language code of text/sound track or separate title spa
082 ## - DEWEY DECIMAL CLASSIFICATION NUMBER
Classification number 711
Item number CIE
100 1# - MAIN ENTRY--PERSONAL NAME
Personal name FOLIN, MARINO
245 13 - TITLE STATEMENT
Title LA CIUDAD DEL CAPITAL Y OTROS ESCRITOS
250 ## - EDITION STATEMENT
Edition statement 1a ed.
260 ## - PUBLICATION, DISTRIBUTION, ETC.
Place of publication, distribution, etc. ESPAÑA :
Name of publisher, distributor, etc. GUSTAVO GILI,
Date of publication, distribution, etc. 1977
300 ## - PHYSICAL DESCRIPTION
Extent 244
490 ## - SERIES STATEMENT
Series statement CIENCIA URBANISTICA
Volume/sequential designation 18
650 14 - SUBJECT ADDED ENTRY--TOPICAL TERM
Topical term or geographic name entry element ARQUITECTURA ITALIANAS
General subdivision ARQUITECTURA VENECIANA
700 1# - ADDED ENTRY--PERSONAL NAME
Personal name DIAZ DE ATAURI, JUAN
Relator term tr.
Existencias
Withdrawn status Lost status Source of classification or shelving scheme Damaged status Not for loan Home library Current library Shelving location Date acquired Source of acquisition Total Checkouts Full call number Barcode Price effective from Koha item type Collection code Inventory number Date last seen
  Extraviado Dewey Decimal Classification     Biblioteca Karol Wojtyla Biblioteca Karol Wojtyla   03/12/2013 Compra   711 CIE 28273 03/12/2013 Libro      
    Dewey Decimal Classification     Biblioteca Karol Wojtyla Biblioteca Karol Wojtyla Área de silencio 03/12/2013 Compra   711 CIE 469 03/12/2013 Libro General 151000000000000000028210 05/01/2026